000 00342nam a2200157Ia 4500
100 _aAmbawade/Dayanand/ Shah Deven
650 _aNetwork
942 _cBK
366 _f25
245 _aAdvanced computer Network
260 _bDreamtech Press
_c2013
082 _a4.6
_bAMB
300 _a376
546 _aENGLISH
_cComputers
999 _c25194
_d25194